[Event "Goldmoney Asian Rapid Prelims 2021"]
[Site "Chess24"]
[Date "2021.06.24"]
[Round "4.4"]
[White "Duda, Jan-Krzysztof"]
[Black "Hou, Yifan"]
[Result "1-0"]
[WhiteElo "2729"]
[BlackElo "2658"]
[Annotator "TA"]
[PlyCount "93"]
[EventDate "2021.06.26"]
[EventType "tourn"]
[EventCountry "NET"]
[Tiebreak "Koya+Number of black wins+Number of wins"]
[SourceTitle "playchess.com"]
[Source "ChessBase"]
[SourceQuality "1"]

{[%evp 15,93,34,37,15,40,34,35,7,27,10,12,6,2,4,18,32,28,10,9,15,12,4,4,4,9,10,
19,19,21,23,20,18,22,20,12,21,58,41,97,81,83,66,56,43,110,108,144,142,141,150,
153,168,171,158,194,190,239,235,248,240,264,259,266,262,293,286,287,293,386,
346,362,353,412,419,416,410,630,612,563,549]} 1. d4 Nf6 2. c4 e6 3. Nf3 b6 4.
g3 Bb4+ 5. Bd2 a5 6. Bg2 Bb7 7. O-O O-O 8. Bf4 Be7 9. Qc2 {E16: Queen's Indian:
4 g3 Bb7 5 Bg2 Bb4+.} Be4 10. Qd2 $5 {[%mdl 4] An interesting side line.} Bb7
11. Nc3 {[#] White is slightly better.} Bb4 $146 ({Predecessor:} 11... Ne4 12.
Nxe4 Bxe4 13. d5 exd5 14. cxd5 d6 15. Nd4 Bxg2 16. Kxg2 Bf6 17. Rac1 Bxd4 18.
Qxd4 {1-0 (41) Lesovoi,E (2337)-Ufimtsev,E (2148) St Petersburg 2019}) 12. Qc2
Bxc3 13. Qxc3 d6 14. Rad1 Be4 15. Rfe1 Nbd7 16. Bf1 Qe7 17. Nd2 Bb7 18. e4 e5
19. Bg5 h6 20. Bxf6 Nxf6 21. dxe5 dxe5 22. c5 bxc5 23. f3 a4 24. Nc4 Rfe8 25.
Ne3 g6 26. Rc1 Nh7 (26... Nd7 $14) 27. Qxc5 Ng5 {Hoping for ...Qxc5.} 28. Qxe7
Rxe7 29. Kf2 Ne6 {[#] White now steadily converts the win.} (29... Kg7 $14) 30.
Ng4 $1 $16 Nd4 31. Rc5 (31. Nxh6+ $6 Kg7 $11) 31... Ne6 32. Rxe5 h5 33. Ne3 {
Black must now prevent Nd5.} Rd7 34. Bc4 Rd2+ 35. Re2 Rad8 36. Bxe6 fxe6 37.
Ra5 (37. Rxe6 Kf7 $11) 37... R8d4 38. Nc2 Rd6 39. Nb4 ({Don't do} 39. Rxa4 $6
Ba6 $18) 39... R2d4 40. a3 ({Not} 40. Rxa4 c5 $17) 40... Rc4 41. Ke3 ({But not
} 41. Rxa4 $6 c5 $18) 41... c5 {[#]} 42. Rc2 $1 Rxc2 43. Nxc2 Rb6 44. Rxc5 Rxb2
45. Kf4 Kf7 (45... Ba6 $142 46. Kg5 Kf7 47. Rc7+ Ke8) 46. Rc7+ $18 Ke8 47. Nb4
{Weighted Error Value: White=0.03/Black=0.19} 1-0

[Event "Goldmoney Asian Rapid Prelims 2021"]
[Site "Chess24"]
[Date "2021.06.24"]
[Round "4.5"]
[White "Dubov, Daniil"]
[Black "Firouzja, Alireza"]
[Result "1/2-1/2"]
[WhiteElo "2714"]
[BlackElo "2759"]
[Annotator "TA"]
[PlyCount "90"]
[EventDate "2021.06.26"]
[EventType "tourn"]
[EventCountry "NET"]
[Tiebreak "Koya+Number of black wins+Number of wins"]
[SourceTitle "playchess.com"]
[Source "ChessBase"]
[SourceQuality "1"]

{[%evp 11,90,23,17,11,23,10,16,0,16,13,25,6,7,0,12,8,18,13,16,17,18,17,30,26,
31,28,26,26,32,34,34,33,27,44,26,11,7,12,28,25,23,23,31,20,68,60,73,35,42,40,
41,17,43,29,29,29,29,29,29,29,29,29,29,6,14,14,14,14,14,14,14,14,14,0,0,0,0,0,
0,0,0]} 1. c4 e6 2. Nf3 d5 3. d4 Nf6 4. Nc3 Nbd7 5. Bg5 h6 6. Bh4 Be7 7. cxd5 {
D53: Queen's Gambit Declined: 4 Bg5 Be7: Early deviations.} Nxd5 8. Bxe7 Qxe7
9. Rc1 Nxc3 10. Rxc3 c6 {[#]} 11. e3 $146 ({Predecessor:} 11. e4 e5 12. d5 Qb4
13. Qc2 cxd5 14. exd5 O-O 15. Bc4 e4 16. Nd2 Nf6 17. a3 {0-1 (71) Bukavshin,I 
(2648)-Inarkiev,E (2664) Sochi 2015}) 11... O-O 12. Be2 e5 13. O-O exd4 14.
Nxd4 Nf6 15. Bf3 Be6 16. Nxe6 Qxe6 17. Qb3 Qxb3 18. Rxb3 Rab8 19. Rd1 Rfe8 20.
h4 Kf8 21. Rd4 Rec8 $1 22. g4 Rc7 23. g5 hxg5 24. hxg5 Nd7 25. Bg4 Ne5 26. Be2
Rd7 27. Ra4 b6 28. f4 Ng6 29. Rd3 (29. Bg4 {is more complex.} Rc7 30. Rba3 a5
31. Rb3 c5 32. Kf2) 29... Rbd8 30. Rxd7 Rxd7 $14 {[%mdl 4096] Endgame KRB-KRN}
31. Kf2 Ne7 32. Bg4 Rd2+ 33. Kf3 f5 34. gxf6 gxf6 35. Be6 a5 36. b4 axb4 37.
Rxb4 b5 {The position is equal.} 38. a4 Nd5 39. Bxd5 Rxd5 40. axb5 cxb5 $11 {
KR-KR} 41. Ke4 $1 {[%cal Re4d5]} Rh5 42. Rb1 Ke7 43. f5 b4 44. Kd4 Rxf5 45.
Rxb4 Re5 {Weighted Error Value: White=0.05/Black=0.04} 1/2-1/2

[Event "Goldmoney Asian Rapid Prelims 2021"]
[Site "Chess24"]
[Date "2021.06.24"]
[Round "4.6"]
[White "Artemiev, Vladislav"]
[Black "Vidit, Santosh Gujrathi"]
[Result "1/2-1/2"]
[WhiteElo "2704"]
[BlackElo "2726"]
[Annotator "TA"]
[PlyCount "142"]
[EventDate "2021.06.26"]
[EventType "tourn"]
[EventCountry "NET"]
[Tiebreak "Koya+Number of black wins+Number of wins"]
[SourceTitle "playchess.com"]
[Source "ChessBase"]
[SourceQuality "1"]

{[%evp 16,142,-31,-41,-22,-28,-23,-27,-21,-21,0,-26,0,-8,0,0,0,0,0,-10,-5,0,27,
33,37,14,14,14,14,14,14,14,31,46,35,28,73,75,66,9,59,77,64,68,67,0,0,0,0,0,0,
-35,-23,-19,0,0,0,0,0,0,275,277,264,289,273,271,335,331,326,323,329,297,289,
291,437,443,250,12,20,4,4,4,4,4,4,4,8,0,0,0,0,0,0,0,3,0,0,0,0,0,0,0,0,0,0,0,0,
0,0,0,0,0,0,0,0,0,0,0,0,0,0,0,0,0,0,0,0,0,0]} 1. Nf3 Nf6 2. g3 c5 3. Bg2 Nc6 4.
O-O e5 5. d3 d5 6. Nbd2 Be7 7. e4 O-O 8. Re1 d4 9. Nc4 Qc7 {A08: King's Indian
Attack.} 10. a4 Ne8 11. Bd2 Be6 {[#] Black has an edge.} 12. b3 $146 ({
Predecessor:} 12. Ng5 Bxg5 13. Bxg5 Nd6 14. Nxd6 Qxd6 15. b3 b6 16. Qe2 a6 17.
Bd2 b5 18. axb5 axb5 19. Rxa8 Rxa8 {0-1 (38) Choo,M-Naranja,R Singapore 1969})
12... Rd8 13. Rf1 b6 14. Ng5 Bxg5 15. Bxg5 f6 16. Bd2 Nd6 17. f4 exf4 18. gxf4
f5 19. e5 Ne8 20. Rf3 Bd5 21. Rg3 Bxg2 22. Rxg2 Ne7 23. b4 cxb4 24. Bxb4 Rf7
25. Qf3 Qc6 26. Qxc6 Nxc6 27. Bd6 (27. Rb1 $14) 27... Nc7 28. Bxc7 Rxc7 29. Nd6
Ne7 30. Rb1 (30. Rf2 $14) 30... Nd5 $11 31. Nxf5 Nxf4 32. Rg4 $36 {[%mdl 2048]
White is pushing.} Ne6 33. Rg2 Rd5 34. Rf1 g6 ({Avoid the trap} 34... Rxe5 $2
35. Nh6+ Kh8 36. Nf7+ Rxf7 37. Rxf7 $18) 35. Nh6+ Kg7 36. Nf5+ Kh8 37. Nd6 Kg8
$2 {[%mdl 8192]} (37... Rdc5 $11) 38. Ne8 $18 Rxe5 39. Nxc7 Nxc7 {[%mdl 4096]
Endgame KRR-KRN} 40. Rgf2 {[#] Hoping for Rf8+.} Nd5 41. Rf8+ Kg7 42. R1f7+ Kh6
43. Rh8 Kg5 44. Rhxh7 Kg4 (44... a5 $142 45. Rf2 Nf4) 45. Kf2 Nf4 (45... Ne3
$142 46. Re7 Nd1+ 47. Kf1 Rf5+ 48. Ke1 Nc3 49. Rxa7 Re5+ 50. Kf1 Rf5+ 51. Kg2
Nd5 52. h3+ Kf4) 46. Rxf4+ $2 Kxf4 {KR-KR. The position is equal.} 47. Rh4+ Kf5
48. Rxd4 Rc5 $1 49. c4 Ra5 50. Ke3 Rxa4 51. Rf4+ Ke6 52. Re4+ Kf6 53. Kd4 Ra5
54. Re2 Rh5 55. Ra2 Rh7 56. Kc3 Ke6 57. d4 a5 {[#] And now ...Rh3+ would win.}
58. Rg2 Rh3+ 59. Kc2 Kd7 60. Rf2 a4 61. Rg2 a3 62. d5 g5 63. Rxg5 Rxh2+ 64. Kb3
a2 65. Rg7+ Kd6 66. Ra7 Kc5 67. Rxa2 Rxa2 68. Kxa2 b5 69. cxb5 Kxb5 70. Kb3 Kc5
71. d6 Kxd6 {Black escapes into a draw.  Weighted Error Value: White=0.16/
Black=0.19} 1/2-1/2

[Event "Goldmoney Asian Rapid Prelims 2021"]
[Site "Chess24"]
[Date "2021.06.24"]
[Round "4.7"]
[White "Adhiban, B.."]
[Black "Erigaisi Arjun"]
[Result "1/2-1/2"]
[WhiteElo "2660"]
[BlackElo "2567"]
[Annotator "TA"]
[PlyCount "89"]
[EventDate "2021.06.26"]
[EventType "tourn"]
[EventCountry "NET"]
[Tiebreak "Koya+Number of black wins+Number of wins"]
[SourceTitle "playchess.com"]
[Source "ChessBase"]
[SourceQuality "1"]

{[%evp 12,89,0,1,-7,-13,-9,-6,-5,-33,-33,-27,-24,-26,0,-41,-27,-23,-35,-36,-33,
-23,-23,-29,-29,-33,-40,-27,-13,-77,0,-53,0,-18,0,-84,0,0,19,25,18,12,16,13,28,
6,208,166,195,125,125,71,71,50,50,50,50,52,56,56,56,0,0,0,0,0,0,0,0,0,0,0,0,0,
0,0,0,0,0,0]} 1. e4 e5 2. Nf3 Nf6 3. d4 Nxe4 4. Bd3 d5 5. Nxe5 Nd7 6. Nc3 Nxe5
7. dxe5 Bb4 {C43: Petroff Defence: 3 d4.} 8. O-O Nxc3 9. bxc3 Bxc3 {[%mdl 64] 
[#] Double Attack} 10. Ba3 Bxa1 11. Qxa1 Be6 12. Rb1 {[#]} a6 $146 ({
Predecessor:} 12... Qc8 13. Qd4 c6 14. f4 g6 15. f5 gxf5 16. Qh4 Qd7 17. Bd6 h6
18. a4 d4 19. Qxd4 {1-0 (53) Jovic,D (2295)-Vitor,A (2170) Bratislava 1993})
13. Qc3 Ra7 14. Rxb7 {[%mdl 64] Remove Defender, Decoy} Rxb7 15. Qc6+ {[%mdl
64] Double Attack} Qd7 16. Qxb7 c5 17. Qxa6 {Bb5! is the strong threat.} O-O {
Threatens to win with ...Rc8.} 18. Bxc5 Rc8 19. Bd4 Bf5 20. Bb5 (20. c3 $11)
20... Qd8 (20... Qe6 $17 21. Qxe6 Bxe6) 21. c3 ({White should play} 21. h3 $1
$11) 21... Qg5 (21... Ra8 $1 $15 22. Qd6 Qxd6 23. exd6 Rb8) 22. Qb7 h5 23. Bf1
{[#]} (23. Qxd5 $2 Qc1+ 24. Bf1 Bd3 $19) (23. a4 $11 {keeps the balance.})
23... Qc1 (23... Qd8 $1 $17) 24. h3 $11 Re8 {And now ...Bd3 would win.} 25. Qb5
$36 {[%mdl 2048] White fights for an advantage.} Re6 26. a4 {Threatening a5.}
Rg6 $1 27. Kh2 ({Not} 27. Qxd5 $2 Bd3 $19) 27... Be4 $1 28. Qe2 {aiming for a5.
} Qf4+ $2 (28... Qa1 $11 {and Black is okay.}) 29. g3 $18 Qf5 30. Qe3 ({
White should try} 30. h4 $18) 30... Qd7 $16 31. a5 (31. Bb5 $142 Qd8 32. c4)
31... Qa4 32. a6 Rxa6 33. Bxa6 Qxa6 34. f3 Qa2+ 35. Kg1 Qb1+ 36. Kg2 (36. Kf2
$1 $14 Bd3 37. Qe1) 36... Qc2+ $11 {The position is equal.} 37. Kf1 Bd3+ 38.
Kg1 Qd1+ 39. Kh2 Be2 40. f4 Bf3 {[%csl Gf3][%cal Rd1h1]} 41. Qg1 Qe2+ 42. Qf2
Qd1 {[%csl Gf3][%cal Rd1h1]} 43. Qg1 Qe2+ 44. Qf2 Qd1 {[%csl Gf3][%cal Rd1h1]}
45. Qg1 {Weighted Error Value: White=0.17/Black=0.19} 1/2-1/2

[Event "Goldmoney Asian Rapid Prelims 2021"]
[Site "Chess24"]
[Date "2021.06.24"]
[Round "4.8"]
[White "Ding, Liren"]
[Black "Gukesh D"]
[Result "1/2-1/2"]
[WhiteElo "2799"]
[BlackElo "2578"]
[Annotator "TA"]
[PlyCount "113"]
[EventDate "2021.06.26"]
[EventType "tourn"]
[EventCountry "NET"]
[Tiebreak "Koya+Number of black wins+Number of wins"]
[SourceTitle "playchess.com"]
[Source "ChessBase"]
[SourceQuality "1"]

{[%evp 14,113,16,-1,7,0,40,29,68,18,38,22,32,10,23,27,35,0,8,10,24,0,59,20,56,
66,76,47,36,44,68,70,75,70,104,100,120,117,120,130,177,172,215,213,226,268,264,
249,277,268,263,257,281,285,285,285,289,265,292,286,292,257,260,254,240,158,
158,158,192,160,186,185,161,147,370,369,362,280,450,446,368,340,835,658,532,0,
0,0,0,0,0,0,0,0,0,0,0,0,0,0,0,0]} 1. c4 e6 2. Nc3 d5 3. d4 Be7 4. cxd5 exd5 5.
Bf4 c6 6. e3 Bf5 7. g4 Be6 8. h3 Nd7 {D31: Queen's Gambit Declined: Semi-Slav
without ...Nf6 (+ Marshall Gambit and Noteboom) and Exchange Variation lines
without ...Nf6.} 9. Nf3 Ngf6 (9... g5 $5 {[%cal Rg5f4]} 10. Bg3 h5 $11) 10. Bd3
{[#]} c5 $146 {White has an edge.} ({Predecessor:} 10... O-O 11. Ng5 c5 12.
Nxe6 fxe6 13. g5 Ne4 14. Bxe4 dxe4 15. d5 c4 16. Nxe4 Qa5+ {1-0 (40) Muzychuk,
M (2532)-Kashlinskaya,A (2462) Germany 2017}) 11. dxc5 Nxc5 12. Bb5+ Bd7 13.
O-O O-O 14. Rc1 Rc8 15. Qe2 Nce4 16. Nxe4 dxe4 17. Nd4 Nd5 ({Better is} 17...
h5 $11) 18. Be5 Bf6 19. Bxf6 Nxf6 20. Rfd1 Rxc1 21. Rxc1 h6 22. Bxd7 Qxd7 23.
Qb5 Qxb5 24. Nxb5 $14 {[%mdl 4096] Endgame KRN-KRN} a6 25. Nd6 Rd8 26. Nxb7 Rb8
27. Rc7 Nd5 28. Rd7 Nb4 {[#]} 29. a3 {[%cal Ra3b4]} Nd3 30. b4 {[%cal Bb2b4,
Bb4b5][%mdl 32]} Ne5 31. Rd8+ Rxd8 32. Nxd8 $18 {KN-KN} Nc4 33. a4 Nb6 34. b5
a5 35. Nb7 Nxa4 36. Nxa5 Kf8 37. Nc4 Ke7 38. h4 Ke6 39. b6 {Hoping for b7.} Nc5
40. Na5 Kd5 41. Kg2 Nd7 42. b7 Kc5 43. Kg3 Kb6 $2 (43... Kb5 $16 {was
necessary.}) 44. Nc4+ Kxb7 45. Kf4 Nc5 $2 (45... Nf8 46. Nd6+ (46. Kxe4 Kc7 $18
) 46... Kc6) 46. Nd6+ Kc6 47. Nxf7 Kd5 $2 (47... Nd3+ 48. Kxe4 Nxf2+ 49. Kf5
Kd7) 48. Kf5 Nd3 {[#]} 49. Nxh6 $2 gxh6 $11 {The position is equal.} 50. g5
hxg5 51. hxg5 {KN-K3P} Kd6 $1 52. Kf6 {Threatens to win with g6.} Ne5 53. g6
Nd7+ $1 54. Kf7 {aiming for g7.} Ne5+ 55. Kf6 $1 {Black must now prevent g7.}
Nd7+ $1 56. Kf7 {g7 is the strong threat.} Ne5+ 57. Kf6 {Black escapes into a
draw.  Weighted Error Value: White=0.19/Black=0.24} 1/2-1/2

[Event "Goldmoney Asian Rapid Prelims 2021"]
[Site "Chess24"]
[Date "2021.06.24"]
[Round "5.1"]
[White "Gukesh D"]
[Black "Aronian, Levon"]
[Result "0-1"]
[WhiteElo "2578"]
[BlackElo "2781"]
[Annotator "TA"]
[PlyCount "138"]
[EventDate "2021.06.26"]
[EventType "tourn"]
[EventCountry "NET"]
[Tiebreak "Koya+Number of black wins+Number of wins"]
[SourceTitle "playchess.com"]
[Source "ChessBase"]
[SourceQuality "1"]

{[%evp 12,138,-4,0,0,-16,-24,-24,-4,-26,-18,-26,-27,-25,-29,-26,-26,-29,-36,
-36,-27,-73,0,-11,0,-23,0,-31,0,-104,-41,-47,0,-8,-13,-17,0,0,0,0,32,22,24,21,
60,55,63,49,49,49,50,50,50,58,77,42,45,35,83,62,179,185,164,110,156,110,104,0,
99,0,42,46,31,0,85,86,185,0,0,-244,-240,-258,-236,-237,-228,-365,-204,-213,
-159,-193,-180,-180,-167,-182,-187,-330,-172,-495,-493,-577,-542,-858,-853,
-1241,-1246,-1234,-1162,-1163,-1110,-1332,-1358,-1158,-633,-1172,-1131,-2406,
-2336,-29986,-29987,-29988,-29986,-29986,-29987,-29987,-29988,-29988,-29989,
-29989,-29990]} 1. d4 Nf6 2. c4 e6 3. Nf3 d5 4. Nc3 Bb4 5. Qa4+ Nc6 6. a3 Bxc3+
7. bxc3 Ne4 {D38: Queen's Gambit Declined: Ragozin Defence (4 Nf3 Bb4).} 8. Bf4
{is recently more successful than 8.Qc2.} Nxc3 9. Qc2 Ne4 {[#] Black has an
edge.} 10. h4 $146 ({Predecessor:} 10. e3 g5 11. Be5 f6 12. Bg3 h5 13. h4 Nxg3
14. fxg3 g4 15. Qg6+ Kf8 16. Ne5 {1/2-1/2 (40) Edouard,R (2640)-Santos Ruiz,M 
(2581) Los Cancajos 2020}) 10... Nd6 11. c5 Nc4 12. e3 b5 13. a4 b4 14. Bxc4
dxc4 15. Qxc4 a5 16. O-O-O Ba6 (16... O-O $17) 17. Qb3 $11 O-O 18. h5 h6 19. e4
Qe7 20. Qe3 (20. Rhe1 $11) 20... f6 (20... b3 $17 21. Rh3 (21. Qxb3 $2 Rfb8 $19
) 21... Kh7) 21. d5 $15 {[#]} e5 $1 22. Bg3 Nd8 {Hoping for ...Nb7.} 23. Kb2 $1
Nb7 24. Rc1 Qe8 25. Qb3 Kh7 26. Nd2 c6 27. f3 Rc8 28. Bf2 Rf7 29. g4 Rd7 30.
Rhd1 Be2 31. Re1 Ba6 32. d6 Nd8 33. Qc2 (33. f4 $5) 33... Ne6 34. Nb3 Nf4 {
next ...Nd3+ is good for Black.} 35. Rcd1 Qg8 ({Better is} 35... Ng2 $14) 36.
Be3 $1 $18 {[%cal Re3f4] Threatens to win with Bxf4.} (36. Nxa5 Ra8 $11) 36...
Ne6 37. Rd2 ({White should try} 37. Nxa5 $18 Ng5 38. Bxg5 hxg5 39. Re3) 37...
Ra8 38. Rf2 (38. Nxa5 $6 Bb5 $14) 38... Kh8 39. Rd2 (39. Nxa5 $6 Bb5 $11) (39.
f4 $1 $16) 39... Ng5 (39... Kh7 $11 {remains equal.}) 40. Rf2 (40. Bxg5 $16 {
And now Be3 would win.} fxg5 41. Nxa5) 40... Bc4 41. Nd2 Be6 42. Rh1 b3 (42...
Rb8 $11) 43. Qc3 $1 $16 (43. Nxb3 $2 Rb8 $19) 43... Rb7 (43... Nf7 $16) 44. f4
$2 (44. Bxg5 $18 {Black must now prevent Be3.} fxg5 45. Qxe5) 44... exf4 $11
45. Bxf4 {[#]} (45. Rxf4 $11 Rc8 46. Rhf1) 45... Rb4 $1 $19 ({Inferior is} 
45... Bxg4 46. e5 $11) 46. Bxg5 fxg5 ({Not} 46... hxg5 $2 47. h6 $18) 47. Ra1
Bxg4 48. e5 (48. Rg1 $142 Be6 49. Ra1) 48... Be6 ({Don't take} 48... Bxh5 49.
Qe3 $19) (48... Re8 $142 49. Qd3 Qe6) 49. Qd3 Qh7 50. Qg6 {[#]} Qxg6 $1 51.
hxg6 {White wants to play Rf7.} Kg8 52. Rf3 g4 $36 {[%mdl 2048] Black has
strong initiative.} 53. Rg3 (53. Rd3 $142) 53... Rf8 (53... Rab8 $142 54. Rd3
h5) 54. Rg2 $2 (54. Rd3 {nothing else works.}) 54... h5 55. Rh1 Rf5 56. Ka3 b2
57. Rb1 Rxe5 {( -> ...Re3+)} 58. Rg3 h4 59. Rd3 Bd7 60. Nb3 Ree4 61. Kxb2 h3
62. Rf1 h2 63. Rg3 Be6 64. Rd3 Re2+ {Black mates.} 65. Kc1 Rxb3 66. Rxb3 Bxb3
67. d7 Rc2+ {[%mdl 64] Double Attack} 68. Kb1 Rd2 69. Re1 {[#]} Be6 $1 {
[%mdl 64] Back Rank, Promotion. Black used his chance.  Weighted Error Value:
White=0.57/Black=0.25} 0-1

[Event "Goldmoney Asian Rapid Prelims 2021"]
[Site "Chess24"]
[Date "2021.06.24"]
[Round "5.2"]
[White "Erigaisi Arjun"]
[Black "Ding, Liren"]
[Result "1/2-1/2"]
[WhiteElo "2567"]
[BlackElo "2799"]
[Annotator "TA"]
[PlyCount "94"]
[EventDate "2021.06.26"]
[EventType "tourn"]
[EventCountry "NET"]
[Tiebreak "Koya+Number of black wins+Number of wins"]
[SourceTitle "playchess.com"]
[Source "ChessBase"]
[SourceQuality "1"]

{[%evp 17,94,2,0,2,19,19,17,0,4,0,15,0,8,0,45,29,13,0,0,0,0,-12,-18,-20,0,-33,
10,6,16,-33,-9,-42,-37,-45,0,-37,-28,-39,0,0,0,0,0,0,0,0,9,0,0,0,0,0,0,0,0,0,0,
0,0,0,0,0,0,0,0,0,0,0,0,0,0,0,0,0,0,0,0,0,0]} 1. d4 Nf6 2. c4 e6 3. g3 Bb4+ 4.
Nd2 O-O 5. Bg2 d5 6. Ngf3 b6 7. O-O Bb7 8. a3 Be7 9. cxd5 exd5 10. b4 {E16:
Queen's Indian: 4 g3 Bb7 5 Bg2 Bb4+.} a5 11. b5 c6 {[#]} 12. Qa4 $5 $146 {
[%mdl 8] New and interesting.} ({Predecessor:} 12. bxc6 Nxc6 13. Bb2 b5 14. e3
a4 15. Qb1 Qb6 16. Rc1 Rfc8 17. Ne5 h6 18. Bc3 {1-0 (48) So,W (2780)-Vidit,S 
(2718) Chess.com INT 2018}) 12... cxb5 13. Qxb5 Ba6 14. Qb2 Nc6 15. Ne5 Rc8 16.
Ndf3 Ne4 17. Be3 f6 18. Nd3 Bc4 19. Nd2 (19. Bh3 {with more complications.} f5
20. Nfe5 b5 21. Bg2 Bf6 22. Rfc1) 19... Nxd2 20. Qxd2 a4 21. Nb2 Bb3 (21... Na5
$5 {[%cal Ra5b3]} 22. Qc2 Nb3 $11) 22. Qd3 Qd7 23. Bd2 Nd8 {[%cal Bc6d8,Bd8f7,
Bf7d6,Bd6e4][%mdl 32]} 24. Bc3 Nf7 25. Rfc1 b5 26. Qd2 Nd6 27. Bb4 Ne4 28. Qe1
{The position is equal.} Bxb4 29. Qxb4 Qd6 30. Nd3 Qxb4 31. Nxb4 f5 32. Kf1 Kf7
33. Ke1 Ke6 34. Bxe4 (34. Nd3 {feels hotter.} Rxc1+ 35. Rxc1 Bc4 36. h4 Kd6 37.
Ne5) 34... fxe4 35. Rxc8 Rxc8 $11 {[%mdl 4096] Endgame KRB-KRN} 36. Kd2 Rc4 37.
Ke3 g5 38. Rh1 h5 39. h4 g4 40. Ra1 Rc8 41. Kd2 Rf8 42. Ke3 Bc4 43. Rc1 Kd6 44.
Rc3 Rf7 45. Rc1 Rf8 46. Rc3 Rf7 47. Rc1 Rf8 {Weighted Error Value: White=0.06/
Black=0.07} 1/2-1/2

[Event "Goldmoney Asian Rapid Prelims 2021"]
[Site "Chess24"]
[Date "2021.06.24"]
[Round "5.3"]
[White "Vidit, Santosh Gujrathi"]
[Black "Adhiban, B.."]
[Result "1-0"]
[WhiteElo "2726"]
[BlackElo "2660"]
[Annotator "TA"]
[PlyCount "83"]
[EventDate "2021.06.26"]
[EventType "tourn"]
[EventCountry "NET"]
[Tiebreak "Koya+Number of black wins+Number of wins"]
[SourceTitle "playchess.com"]
[Source "ChessBase"]
[SourceQuality "1"]

{[%evp 20,83,57,15,46,36,36,32,27,0,24,13,35,34,27,6,1,17,14,-28,-24,-35,-38,
-31,-23,-70,-31,-39,-48,-65,-62,-121,-106,-125,-94,-188,-152,-258,-95,-96,-103,
-102,-87,-145,-65,-54,0,0,0,0,139,135,127,22,29,22,1085,1077,29981,29982,29995,
29985,29985,29986,29995,29995]} 1. d4 Nf6 2. c4 g6 3. Nc3 Bg7 4. e4 d6 5. Nf3
O-O 6. Be2 e5 7. O-O Nc6 8. d5 Ne7 9. b4 a5 10. bxa5 Rxa5 11. a4 Ra8 {[#] 11...
c5 is setting a new trend. E97: King's Indian: Classical Main Line (6...e5 7
0-0 Nc6): 8 Be3 and 8 d5 Ne7, not 9 Ne1.} 12. Ra3 $146 ({Predecessor:} 12. Ba3
b6 13. Nd2 Ne8 14. Nb5 f5 15. Bb4 Bh6 16. Bc3 Nf6 17. f4 Bxf4 18. Rxf4 exf4 19.
e5 dxe5 20. Bxe5 {1-0 (35) Werle,J (2412)-Dziuba,M (2471) Chalkidiki 2001})
12... Kh8 13. Re1 Nd7 {White is slightly better.} 14. h3 Ng8 15. Bg5 Bf6 16.
Be3 Bg7 17. Qc1 f5 18. exf5 gxf5 19. Bg5 Bf6 20. Nb5 Nc5 21. Be3 $1 Na6 22. Nh2
Ne7 (22... f4 $5 {[%cal Rf4e3]} 23. Bd2 Nh6 $15) 23. f4 Ng6 24. fxe5 dxe5 25.
Bh6 ({White should play} 25. Rd1 $15) 25... Rg8 $17 26. Kh1 Nc5 27. g4 (27. Bh5
$17) 27... Ne4 ({But not} 27... Rxa4 28. Rxa4 Nxa4 29. Qa3 $15) 28. Rf1 (28.
Bf1 $17 {keeps fighting.}) 28... Rxa4 $2 29. Rxa4 {aiming for Qe3.} Ng3+ {
[%mdl 64] Double Attack} 30. Kg2 Nxe2 31. Qe3 Nef4+ (31... Ngf4+ $1 $17 32. Kh1
fxg4 33. Bxf4 g3 $1) 32. Kh1 c6 (32... Nxd5 $1 $15 33. Qc5 Nb6) 33. dxc6 $11
bxc6 34. Nc3 Bg5 (34... c5 $11 35. Ra7 Qb6) 35. Bxg5 $16 Qxg5 36. Ra7 (36. Nf3
$16 Qf6 37. g5) 36... Qh6 $11 37. Ne2 $36 {[%mdl 2048] White is pushing.} fxg4
$2 {[%mdl 8192]} (37... Qxh3 $11 38. Qxh3 Nxh3) 38. Nxf4 $18 {[%mdl 64]
Overworked Piece} exf4 39. Qd4+ {White mates.} Rg7 40. Qd8+ {[%mdl 64] Double
Attack} Rg8 {[#]} 41. Qf6+ $1 {[%mdl 64] Double Attack} Rg7 42. Re1 {Quite a
comeback for White.  Weighted Error Value: White=0.21/Black=0.44} 1-0